[Event "European Online Club-ch-C 2021"]
[Site "Online"]
[Date "2021.03.27"]
[Round "7.17"]
[White "Braun, Christian"]
[Black "Wirig, Anthony"]
[Result "1-0"]
[WhiteElo "2409"]
[BlackElo "2500"]
[Annotator "ChessBase"]
[PlyCount "99"]
[EventDate "2021.03.27"]
[EventType "team-tourn"]
[EventCountry "NET"]
[SourceTitle "playchess.com"]
[Source "ChessBase"]
[SourceQuality "1"]
[TimeControl "900+5"]

1. e4 {[%emt 0:00:00]} c5 {[%emt 0:00:17]} 2. Nf3 {[%emt 0:00:56]} e6 {[%emt 0:00:05]} 3. d3 {[%emt 0:00:07]} Nc6 {[%emt 0:00:03]} 4. g3 {[%emt 0:00:05]} d5 {[%emt 0:00:06]} 5. Nbd2 {[%emt 0:00:06]} Nge7 {[%emt 0:00:10]} 6. Bg2 {[%emt 0:00:04]} g6 {[%emt 0:00:02]} 7. O-O {[%emt 0:00:28]} Bg7 {[%emt 0:00:05]} 8. Re1 {[%emt 0:00:10]} b6 {[%emt 0:00:14]} 9. exd5 {[%emt 0:00:15]} Nxd5 {[%emt 0:00:11]} 10. d4 {[%emt 0:00:03]} cxd4 {[%emt 0:00:12]} 11. Nb3 {[%emt 0:00:03]} O-O {[%emt 0:00:30]} 12. Nfxd4 {[%emt 0:00:06]} Bb7 {[%emt 0:01:16]} 13. Nxc6 {[%emt 0:00:41]} Bxc6 {[%emt 0:00:06]} 14. Nd4 {[%emt 0:00:01]} Rc8 {[%emt 0:01:24]} 15. a4 {[%emt 0:04:16]} Ba8 {[%emt 0:01:06]} 16. a5 {[%emt 0:00:17]} bxa5 {[%emt 0:02:24]} 17. c3 {[%emt 0:00:09]} Qb6 {[%emt 0:01:23]} 18. Qa4 {[%emt 0:01:44]} Rxc3 {[%emt 0:02:35]} 19. bxc3 {[%emt 0:00:16]} Nxc3 {[%emt 0:00:04]} 20. Qxa5 {[%emt 0:00:18]} Qxa5 {[%emt 0:02:40]} 21. Rxa5 {[%emt 0:00:00]} Bxd4 {[%emt 0:00:04]} 22. Be3 {[%emt 0:00:02]} Bxe3 {[%emt 0:00:11]} 23. Rxe3 {[%emt 0:00:00]} Bxg2 {[%emt 0:00:05]} 24. Kxg2 {[%emt 0:00:04]} Nd5 {[%emt 0:00:01]} 25. Rea3 {[%emt 0:00:08]} h5 {[%emt 0:00:10]} 26. Rxa7 {[%emt 0:00:07]} Kg7 {[%emt 0:00:01]} 27. Rb7 {[%emt 0:00:04]} Nf6 {[%emt 0:00:12]} 28. Raa7 {[%emt 0:00:07]} Ng4 {[%emt 0:00:02]} 29. h3 {[%emt 0:00:20]} Nf6 {[%emt 0:00:12]} 30. Kf3 {[%emt 0:00:06]} Nd5 {[%emt 0:00:04]} 31. Ke4 {[%emt 0:00:10]} Kf6 {[%emt 0:00:03]} 32. f4 {[%emt 0:00:14]} Nc3+ {[%emt 0:00:02]} 33. Kf3 {[%emt 0:00:04]} Nd5 {[%emt 0:00:05]} 34. g4 {[%emt 0:00:04]} hxg4+ {[%emt 0:00:03]} 35. hxg4 {[%emt 0:00:00]} g5 {[%emt 0:00:25]} 36. f5 {[%emt 0:01:15]} exf5 {[%emt 0:01:12]} 37. Ra6+ {[%emt 0:00:01]} Ke5 {[%emt 0:00:03]} 38. Ra5 {[%emt 0:01:03]} fxg4+ {[%emt 0:00:03]} 39. Kxg4 {[%emt 0:00:00]} f5+ {[%emt 0:00:04]} 40. Kxg5 {[%emt 0:00:02]} Rg8+ {[%emt 0:00:01]} 41. Kh6 {[%emt 0:00:08]} Rd8 {[%emt 0:00:20]} 42. Kg5 {[%emt 0:00:15]} Rf8 {[%emt 0:00:02]} 43. Rd7 {[%emt 0:00:20]} Rg8+ {[%emt 0:00:10]} 44. Kh6 {[%emt 0:00:02]} f4 {[%emt 0:00:06]} 45. Rdxd5+ {[%emt 0:00:07]} Ke4 {[%emt 0:00:03]} 46. Re5+ {[%emt 0:00:01]} Kf3 {[%emt 0:00:02]} 47. Kh5 {[%emt 0:01:06]} Kf2 {[%emt 0:00:08]} 48. Rf5 {[%emt 0:00:13]} f3 {[%emt 0:00:02]} 49. Ra3 {[%emt 0:00:08]} Rg3 {[%emt 0:00:02]} 50. Kh4 {[%emt 0:00:01]} 1-0

[Event "European Online Club-ch-C 2021"]
[Site "Online"]
[Date "2021.03.27"]
[Round "7.18"]
[White "Micottis, Dorian"]
[Black "Lenaerts, Lennert"]
[Result "1-0"]
[WhiteElo "2223"]
[BlackElo "2357"]
[Annotator "NA"]
[PlyCount "109"]
[EventDate "2021.03.27"]
[EventType "team-tourn"]
[EventCountry "NET"]
[SourceTitle "playchess.com"]
[Source "ChessBase"]
[SourceQuality "1"]
[TimeControl "900+5"]

1. e4 {[%emt 0:00:00]} e5 {[%emt 0:00:05]} 2. Nf3 {[%emt 0:00:02]} Nc6 {[%emt 0:00:02]} 3. Bb5 {[%emt 0:00:02]} a6 {[%emt 0:00:02]} 4. Ba4 {[%emt 0:00:01]} Nf6 {[%emt 0:00:01]} 5. d3 {[%emt 0:00:01]} b5 {[%emt 0:00:03]} 6. Bb3 {[%emt 0:00:02]} Bc5 {[%emt 0:00:02]} 7. a4 {[%emt 0:00:41]} Rb8 {[%emt 0:00:37]} 8. O-O {[%emt 0:00:19]} h6 {[%emt 0:00:17]} 9. axb5 {[%emt 0:00:46]} axb5 {[%emt 0:00:05]} 10. Nc3 {[%emt 0:00:50]} d6 {[%emt 0:00:09]} 11. Nd5 {[%emt 0:00:26]} Bg4 {[%emt 0:00:19]} 12. c3 {[%emt 0:00:13]} Nxd5 {[%emt 0:00:03]} 13. Bxd5 {[%emt 0:00:10]} Ne7 {[%emt 0:00:03]} 14. Bb3 {[%emt 0:00:34]} O-O {[%emt 0:00:36]} 15. h3 {[%emt 0:00:15]} Bh5 {[%emt 0:00:13]} 16. g4 {[%emt 0:01:38]} Bg6 {[%emt 0:00:04]} 17. Nh4 {[%emt 0:00:05]} c6 {[%emt 0:00:33]} 18. Be3 {[%emt 0:01:00]} Bxe3 {[%emt 0:01:00]} 19. fxe3 {[%emt 0:00:03]} d5 {[%emt 0:00:01]} 20. Nxg6 {[%emt 0:02:01]} Nxg6 {[%emt 0:02:36]} 21. exd5 {[%emt 0:00:15]} cxd5 {[%emt 0:00:04]} 22. Qf3 {[%emt 0:00:27]} Ne7 {[%emt 0:00:06]} 23. Ra7 {[%emt 0:00:59]} Rb6 {[%emt 0:03:23]} 24. Qg3 {[%emt 0:01:30]} Kh8 {[%emt 0:00:21]} 25. d4 {[%emt 0:01:26]} exd4 {[%emt 0:00:14]} 26. exd4 {[%emt 0:00:19]} b4 {[%emt 0:00:04]} 27. Bc2 {[%emt 0:00:43]} bxc3 {[%emt 0:00:04]} 28. bxc3 {[%emt 0:00:01]} Kg8 {[%emt 0:01:56]} 29. Qc7 {[%emt 0:01:24]} Qxc7 {[%emt 0:01:03]} 30. Rxc7 {[%emt 0:00:01]} Re6 {[%emt 0:00:05]} 31. Kf2 {[%emt 0:00:32]} f5 {[%emt 0:00:15]} 32. gxf5 {[%emt 0:00:21]} Nxf5 {[%emt 0:00:05]} 33. Kg1 {[%emt 0:00:13]} Rg6+ {[%emt 0:00:34]} 34. Kh2 {[%emt 0:00:02]} Rg2+ {[%emt 0:00:05]} 35. Kxg2 {[%emt 0:00:20]} Ne3+ {[%emt 0:00:04]} 36. Kg3 {[%emt 0:00:08]} Rxf1 {[%emt 0:00:03]} 37. Bb3 {[%emt 0:00:07]} Rb1 {[%emt 0:00:40]} 38. Rb7 {[%emt 0:00:02]} Kf8 {[%emt 0:00:02]} 39. Rb4 {[%emt 0:00:06]} Rc1 {[%emt 0:00:06]} 40. Kf4 {[%emt 0:00:09]} Rxc3 {[%emt 0:00:07]} 41. Rb5 {[%emt 0:00:03]} Ke7 {[%emt 0:00:32]} 42. Ke5 {[%emt 0:00:02]} Nc4+ {[%emt 0:01:33]} 43. Kxd5 {[%emt 0:00:01]} Nd6 {[%emt 0:00:02]} 44. Rb6 {[%emt 0:00:08]} Rxh3 {[%emt 0:00:02]} 45. Bc2 {[%emt 0:00:08]} Rh5+ {[%emt 0:00:09]} 46. Kc6 {[%emt 0:00:01]} Rh3 {[%emt 0:00:02]} 47. Kd5 {[%emt 0:00:06]} Rc3 {[%emt 0:00:08]} 48. Bg6 {[%emt 0:00:07]} Nc8 {[%emt 0:00:07]} 49. Rb7+ {[%emt 0:00:03]} Kf6 {[%emt 0:00:02]} 50. Be4 {[%emt 0:00:07]} Ne7+ {[%emt 0:00:03]} 51. Kd6 {[%emt 0:00:02]} Rc4 {[%emt 0:00:02]} 52. Rxe7 {[%emt 0:00:13]} Rxd4+ {[%emt 0:00:05]} 53. Kc5 {[%emt 0:00:01]} Kxe7 {[%emt 0:00:16]} 54. Kxd4 {[%emt 0:00:02]} Kf6 {[%emt 0:00:03]} 55. Ke3 {[%emt 0:00:07]} 1-0

[Event "European Online Club-ch-C 2021"]
[Site "Online"]
[Date "2021.03.27"]
[Round "7.19"]
[White "Van Meegen, Ruud"]
[Black "Bruch, Jochen"]
[Result "1-0"]
[WhiteElo "2295"]
[BlackElo "2187"]
[Annotator "NA"]
[PlyCount "53"]
[EventDate "2021.03.27"]
[EventType "team-tourn"]
[EventCountry "NET"]
[SourceTitle "playchess.com"]
[Source "ChessBase"]
[SourceQuality "1"]
[TimeControl "900+5"]

1. Nf3 {[%emt 0:00:00]} Nf6 {[%emt 0:00:04]} 2. c4 {[%emt 0:00:02]} e6 {[%emt 0:00:04]} 3. b3 {[%emt 0:00:13]} c5 {[%emt 0:00:04]} 4. Bb2 {[%emt 0:00:03]} Be7 {[%emt 0:00:03]} 5. g3 {[%emt 0:00:13]} O-O {[%emt 0:00:05]} 6. Bg2 {[%emt 0:00:01]} d6 {[%emt 0:00:07]} 7. O-O {[%emt 0:00:04]} a6 {[%emt 0:00:05]} 8. Nc3 {[%emt 0:00:12]} Qc7 {[%emt 0:00:07]} 9. d4 {[%emt 0:00:13]} cxd4 {[%emt 0:00:13]} 10. Nxd4 {[%emt 0:00:03]} Ra7 {[%emt 0:01:33]} 11. Rc1 {[%emt 0:04:48]} Bd7 {[%emt 0:02:22]} 12. Qd2 {[%emt 0:01:15]} Rd8 {[%emt 0:02:03]} 13. Rfd1 {[%emt 0:00:13]} Be8 {[%emt 0:00:45]} 14. Qe3 {[%emt 0:00:41]} Ra8 {[%emt 0:01:48]} 15. h3 {[%emt 0:00:12]} Kh8 {[%emt 0:03:52]} 16. g4 {[%emt 0:00:58]} h6 {[%emt 0:00:08]} 17. Nf3 {[%emt 0:02:08]} Nbd7 {[%emt 0:01:45]} 18. Nd5 {[%emt 0:00:37]} exd5 {[%emt 0:01:02]} 19. Qxe7 {[%emt 0:00:04]} dxc4 {[%emt 0:00:05]} 20. Bxf6 {[%emt 0:01:55]} gxf6 {[%emt 0:00:03]} 21. Nh4 {[%emt 0:00:39]} d5 {[%emt 0:00:06]} 22. Rxd5 {[%emt 0:00:29]} Qf4 {[%emt 0:00:03]} 23. e3 {[%emt 0:00:11]} Qb8 {[%emt 0:00:11]} 24. Nf5 {[%emt 0:00:50]} b5 {[%emt 0:00:08]} 25. Rxd7 {[%emt 0:00:11]} Qe5 {[%emt 0:00:03]} 26. Qf8+ {[%emt 0:00:05]} Kh7 {[%emt 0:00:04]} 27. Qg7# {[%emt 0:00:02]} 1-0

[Event "European Online Club-ch-C 2021"]
[Site "Online"]
[Date "2021.03.27"]
[Round "7.20"]
[White "Kirsch, Laurent"]
[Black "Zimmermann, Luc"]
[Result "1-0"]
[WhiteElo "2120"]
[BlackElo "2151"]
[Annotator "NA"]
[PlyCount "79"]
[EventDate "2021.03.27"]
[EventType "team-tourn"]
[EventCountry "NET"]
[SourceTitle "playchess.com"]
[Source "ChessBase"]
[SourceQuality "1"]
[TimeControl "900+5"]

1. d4 {[%emt 0:00:00]} Nf6 {[%emt 0:00:11]} 2. c4 {[%emt 0:00:03]} g6 {[%emt 0:00:05]} 3. f3 {[%emt 0:00:03]} c5 {[%emt 0:00:20]} 4. d5 {[%emt 0:00:05]} e6 {[%emt 0:00:05]} 5. e4 {[%emt 0:00:15]} exd5 {[%emt 0:00:01]} 6. cxd5 {[%emt 0:00:05]} d6 {[%emt 0:00:06]} 7. Nc3 {[%emt 0:00:09]} Bg7 {[%emt 0:00:04]} 8. Nge2 {[%emt 0:00:34]} a6 {[%emt 0:01:25]} 9. a4 {[%emt 0:00:08]} Nbd7 {[%emt 0:00:03]} 10. Ng3 {[%emt 0:00:10]} h5 {[%emt 0:00:04]} 11. Be2 {[%emt 0:00:08]} h4 {[%emt 0:00:07]} 12. Nf1 {[%emt 0:00:03]} Nh5 {[%emt 0:00:51]} 13. Be3 {[%emt 0:00:27]} Be5 {[%emt 0:03:35]} 14. Qd2 {[%emt 0:01:17]} Qf6 {[%emt 0:01:47]} 15. Bg5 {[%emt 0:01:38]} Qg7 {[%emt 0:00:41]} 16. Bxh4 {[%emt 0:00:38]} Nf4 {[%emt 0:01:13]} 17. Bg5 {[%emt 0:01:01]} Nxg2+ {[%emt 0:00:28]} 18. Kd1 {[%emt 0:00:37]} Bd4 {[%emt 0:02:40]} 19. Ne3 {[%emt 0:01:06]} Nxe3+ {[%emt 0:00:43]} 20. Bxe3 {[%emt 0:00:00]} Bxe3 {[%emt 0:00:41]} 21. Qxe3 {[%emt 0:00:02]} Ne5 {[%emt 0:00:29]} 22. h4 {[%emt 0:00:23]} Qf6 {[%emt 0:00:31]} 23. Qf2 {[%emt 0:00:31]} Bd7 {[%emt 0:00:17]} 24. Kc2 {[%emt 0:00:17]} O-O-O {[%emt 0:00:14]} 25. Qg3 {[%emt 0:00:19]} c4 {[%emt 0:00:08]} 26. f4 {[%emt 0:00:20]} Nd3 {[%emt 0:00:01]} 27. Bxd3 {[%emt 0:00:07]} cxd3+ {[%emt 0:00:02]} 28. Kxd3 {[%emt 0:00:03]} Kb8 {[%emt 0:00:12]} 29. Qg5 {[%emt 0:00:20]} Qg7 {[%emt 0:00:08]} 30. h5 {[%emt 0:00:08]} Rdg8 {[%emt 0:00:04]} 31. Qe7 {[%emt 0:00:38]} f5 {[%emt 0:00:03]} 32. Qxd6+ {[%emt 0:00:11]} Ka8 {[%emt 0:00:03]} 33. e5 {[%emt 0:00:10]} gxh5 {[%emt 0:00:14]} 34. Rag1 {[%emt 0:00:09]} Qf7 {[%emt 0:00:03]} 35. e6 {[%emt 0:00:04]} Qf6 {[%emt 0:00:05]} 36. Qxd7 {[%emt 0:00:08]} Rg4 {[%emt 0:00:03]} 37. Rxg4 {[%emt 0:00:18]} fxg4 {[%emt 0:00:03]} 38. Qf7 {[%emt 0:00:07]} Qd8 {[%emt 0:00:06]} 39. Rxh5 {[%emt 0:00:12]} Rf8 {[%emt 0:00:06]} 40. e7 {[%emt 0:00:10]} 1-0

[Event "European Online Club-ch-C 2021"]
[Site "Online"]
[Date "2021.03.27"]
[Round "8.1"]
[White "Sahin, Ozgun"]
[Black "Wirig, Anthony"]
[Result "0-1"]
[WhiteElo "2281"]
[BlackElo "2500"]
[Annotator "ChessBase"]
[PlyCount "180"]
[EventDate "2021.03.27"]
[EventType "team-tourn"]
[EventCountry "NET"]
[SourceTitle "playchess.com"]
[Source "ChessBase"]
[SourceQuality "1"]
[TimeControl "900+5"]

1. e4 {[%emt 0:00:00]} c5 {[%emt 0:00:02]} 2. Nf3 {[%emt 0:00:03]} e6 {[%emt 0:00:01]} 3. d4 {[%emt 0:00:02]} cxd4 {[%emt 0:00:00]} 4. Nxd4 {[%emt 0:00:02]} Nf6 {[%emt 0:00:01]} 5. Nc3 {[%emt 0:00:02]} Nc6 {[%emt 0:00:01]} 6. Bf4 {[%emt 0:00:03]} Bb4 {[%emt 0:00:19]} 7. Ndb5 {[%emt 0:00:04]} e5 {[%emt 0:00:56]} 8. Bg5 {[%emt 0:00:47]} O-O {[%emt 0:01:17]} 9. a3 {[%emt 0:01:56]} Be7 {[%emt 0:00:06]} 10. Bxf6 {[%emt 0:00:28]} Bxf6 {[%emt 0:00:02]} 11. Nd5 {[%emt 0:00:02]} d6 {[%emt 0:00:53]} 12. Nxf6+ {[%emt 0:00:43]} Qxf6 {[%emt 0:00:02]} 13. Bd3 {[%emt 0:02:34]} Qg5 {[%emt 0:01:09]} 14. Qd2 {[%emt 0:00:48]} Qxd2+ {[%emt 0:00:07]} 15. Kxd2 {[%emt 0:00:03]} Rd8 {[%emt 0:00:02]} 16. Rad1 {[%emt 0:00:11]} a6 {[%emt 0:00:05]} 17. Nc7 {[%emt 0:00:04]} Ra7 {[%emt 0:00:09]} 18. Nd5 {[%emt 0:00:09]} b5 {[%emt 0:00:20]} 19. a4 {[%emt 0:00:42]} b4 {[%emt 0:00:23]} 20. c3 {[%emt 0:00:33]} bxc3+ {[%emt 0:00:20]} 21. bxc3 {[%emt 0:00:05]} Be6 {[%emt 0:00:06]} 22. Ne3 {[%emt 0:00:09]} Na5 {[%emt 0:00:15]} 23. Rb1 {[%emt 0:00:18]} g6 {[%emt 0:00:24]} 24. Rb6 {[%emt 0:00:08]} Nb3+ {[%emt 0:00:03]} 25. Kc2 {[%emt 0:00:03]} Nc5 {[%emt 0:00:21]} 26. a5 {[%emt 0:00:15]} Kf8 {[%emt 0:00:27]} 27. Rhb1 {[%emt 0:00:09]} Ke7 {[%emt 0:00:05]} 28. Rc6 {[%emt 0:00:38]} Rdd7 {[%emt 0:02:01]} 29. Rbb6 {[%emt 0:00:38]} h5 {[%emt 0:01:29]} 30. f3 {[%emt 0:00:47]} h4 {[%emt 0:00:02]} 31. Bxa6 {[%emt 0:00:08]} f5 {[%emt 0:00:17]} 32. Bc8 {[%emt 0:00:24]} Rxa5 {[%emt 0:01:48]} 33. Bxd7 {[%emt 0:00:04]} Bxd7 {[%emt 0:00:01]} 34. Nd5+ {[%emt 0:00:41]} Kf7 {[%emt 0:00:02]} 35. Rxd6 {[%emt 0:00:04]} Ra2+ {[%emt 0:00:13]} 36. Rb2 {[%emt 0:00:37]} Ra7 {[%emt 0:00:49]} 37. exf5 {[%emt 0:01:14]} Bxf5+ {[%emt 0:00:02]} 38. Kd2 {[%emt 0:00:02]} Nd3 {[%emt 0:00:44]} 39. Rbb6 {[%emt 0:00:24]} Kg7 {[%emt 0:00:33]} 40. Nb4 {[%emt 0:00:42]} Nb2 {[%emt 0:00:14]} 41. Rdc6 {[%emt 0:00:09]} Rd7+ {[%emt 0:00:04]} 42. Ke2 {[%emt 0:00:04]} Kh6 {[%emt 0:00:35]} 43. g4 {[%emt 0:00:06]} Bb1 {[%emt 0:00:18]} 44. Nc2 {[%emt 0:00:28]} Bxc2 {[%emt 0:00:19]} 45. Rxb2 {[%emt 0:00:04]} Bd3+ {[%emt 0:00:17]} 46. Ke3 {[%emt 0:00:03]} Bf1 {[%emt 0:00:02]} 47. Rd2 {[%emt 0:00:05]} Rf7 {[%emt 0:00:07]} 48. Rdd6 {[%emt 0:00:04]} Rg7 {[%emt 0:00:09]} 49. c4 {[%emt 0:00:04]} h3 {[%emt 0:00:06]} 50. Kf2 {[%emt 0:00:04]} Bg2 {[%emt 0:00:03]} 51. c5 {[%emt 0:00:12]} Kg5 {[%emt 0:00:14]} 52. Kg3 {[%emt 0:00:08]} Kh6 {[%emt 0:00:14]} 53. Re6 {[%emt 0:00:04]} Kh7 {[%emt 0:00:04]} 54. Rxe5 {[%emt 0:00:03]} Rf7 {[%emt 0:00:01]} 55. f4 {[%emt 0:00:03]} Bxc6 {[%emt 0:00:02]} 56. f5 {[%emt 0:00:12]} gxf5 {[%emt 0:00:20]} 57. Rxf5 {[%emt 0:00:03]} Ra7 {[%emt 0:00:04]} 58. Kxh3 {[%emt 0:00:04]} Bd7 {[%emt 0:00:19]} 59. Rg5 {[%emt 0:00:27]} Ra2 {[%emt 0:00:08]} 60. Rd5 {[%emt 0:00:14]} Bb5 {[%emt 0:00:10]} 61. Kg3 {[%emt 0:00:09]} Rc2 {[%emt 0:00:07]} 62. h4 {[%emt 0:00:05]} Be2 {[%emt 0:00:03]} 63. Rg5 {[%emt 0:00:10]} Rc4 {[%emt 0:00:02]} 64. h5 {[%emt 0:00:04]} Bd1 {[%emt 0:00:02]} 65. Kh4 {[%emt 0:00:04]} Bf3 {[%emt 0:00:02]} 66. Kg3 {[%emt 0:00:02]} Be2 {[%emt 0:00:01]} 67. Kh4 {[%emt 0:00:02]} Kh6 {[%emt 0:00:06]} 68. Rg6+ {[%emt 0:00:02]} Kh7 {[%emt 0:00:01]} 69. c6 {[%emt 0:00:04]} Bf3 {[%emt 0:00:04]} 70. Kg3 {[%emt 0:00:07]} Bxc6 {[%emt 0:00:02]} 71. g5 {[%emt 0:00:02]} Be8 {[%emt 0:00:09]} 72. Rh6+ {[%emt 0:00:02]} Kg7 {[%emt 0:00:02]} 73. Kh3 {[%emt 0:00:03]} Bd7+ {[%emt 0:00:04]} 74. Kh2 {[%emt 0:00:05]} Rh4+ {[%emt 0:00:07]} 75. Kg3 {[%emt 0:00:04]} Rg4+ {[%emt 0:00:05]} 76. Kf3 {[%emt 0:00:02]} Rg1 {[%emt 0:00:05]} 77. Kf4 {[%emt 0:00:03]} Rf1+ {[%emt 0:00:05]} 78. Kg3 {[%emt 0:00:04]} Be8 {[%emt 0:00:02]} 79. Kh4 {[%emt 0:00:05]} Rg1 {[%emt 0:00:07]} 80. Re6 {[%emt 0:00:03]} Rh1+ {[%emt 0:00:03]} 81. Kg3 {[%emt 0:00:04]} Bxh5 {[%emt 0:00:02]} 82. Rh6 {[%emt 0:00:02]} Rg1+ {[%emt 0:00:04]} 83. Kf4 {[%emt 0:00:04]} Bg6 {[%emt 0:00:07]} 84. Rh4 {[%emt 0:00:04]} Ra1 {[%emt 0:00:03]} 85. Kg3 {[%emt 0:00:04]} Ra5 {[%emt 0:00:08]} 86. Kf4 {[%emt 0:00:02]} Rf5+ {[%emt 0:00:05]} 87. Kg4 {[%emt 0:00:02]} Rf1 {[%emt 0:00:01]} 88. Rh2 {[%emt 0:00:06]} Bf5+ {[%emt 0:00:03]} 89. Kh5 {[%emt 0:00:03]} Rf4 {[%emt 0:00:04]} 90. Rh4 {[%emt 0:00:03]} Bg6# {[%emt 0:00:02]} 0-1

[Event "European Online Club-ch-C 2021"]
[Site "Online"]
[Date "2021.03.27"]
[Round "8.2"]
[White "Micottis, Dorian"]
[Black "Okuyaz, Duru"]
[Result "1/2-1/2"]
[WhiteElo "2223"]
[BlackElo "2076"]
[Annotator "NA"]
[PlyCount "122"]
[EventDate "2021.03.27"]
[EventType "team-tourn"]
[EventCountry "NET"]
[SourceTitle "playchess.com"]
[Source "ChessBase"]
[SourceQuality "1"]
[TimeControl "900+5"]

1. e4 {[%emt 0:00:00]} e6 {[%emt 0:00:02]} 2. d3 {[%emt 0:00:03]} c5 {[%emt 0:00:03]} 3. Nf3 {[%emt 0:00:06]} Nc6 {[%emt 0:00:01]} 4. g3 {[%emt 0:00:01]} g6 {[%emt 0:00:03]} 5. Bg2 {[%emt 0:00:03]} Bg7 {[%emt 0:00:01]} 6. O-O {[%emt 0:00:02]} Nge7 {[%emt 0:00:02]} 7. Re1 {[%emt 0:00:04]} O-O {[%emt 0:00:05]} 8. c3 {[%emt 0:00:12]} d5 {[%emt 0:00:41]} 9. e5 {[%emt 0:00:04]} b5 {[%emt 0:00:31]} 10. Bf4 {[%emt 0:00:16]} Qb6 {[%emt 0:00:40]} 11. Nbd2 {[%emt 0:00:13]} a5 {[%emt 0:00:08]} 12. h4 {[%emt 0:00:07]} a4 {[%emt 0:00:20]} 13. Nf1 {[%emt 0:01:15]} b4 {[%emt 0:00:18]} 14. a3 {[%emt 0:02:42]} Bd7 {[%emt 0:02:05]} 15. N1h2 {[%emt 0:00:30]} bxc3 {[%emt 0:00:44]} 16. bxc3 {[%emt 0:00:03]} Qb2 {[%emt 0:00:06]} 17. Ng4 {[%emt 0:04:40]} Qxc3 {[%emt 0:00:38]} 18. Bh6 {[%emt 0:01:21]} Bxh6 {[%emt 0:00:08]} 19. Nxh6+ {[%emt 0:00:02]} Kg7 {[%emt 0:00:02]} 20. Ng4 {[%emt 0:00:06]} Ng8 {[%emt 0:00:09]} 21. h5 {[%emt 0:00:21]} f5 {[%emt 0:03:48]} 22. exf6+ {[%emt 0:00:13]} Nxf6 {[%emt 0:00:05]} 23. h6+ {[%emt 0:00:42]} Kg8 {[%emt 0:00:36]} 24. Nge5 {[%emt 0:00:04]} Nxe5 {[%emt 0:00:35]} 25. Nxe5 {[%emt 0:00:03]} Qd4 {[%emt 0:00:02]} 26. Qe2 {[%emt 0:00:32]} Rae8 {[%emt 0:00:32]} 27. Rac1 {[%emt 0:00:26]} Bb5 {[%emt 0:00:21]} 28. Red1 {[%emt 0:00:40]} Ne4 {[%emt 0:00:20]} 29. Nf3 {[%emt 0:00:41]} Qf6 {[%emt 0:01:23]} 30. Qc2 {[%emt 0:00:34]} Ng5 {[%emt 0:00:37]} 31. Nxg5 {[%emt 0:00:04]} Qxg5 {[%emt 0:00:05]} 32. Qxc5 {[%emt 0:00:01]} Bd7 {[%emt 0:01:56]} 33. Qa7 {[%emt 0:00:08]} Rd8 {[%emt 0:00:13]} 34. Rc7 {[%emt 0:00:05]} Qe7 {[%emt 0:00:03]} 35. Rb1 {[%emt 0:00:09]} Rf7 {[%emt 0:00:09]} 36. Rbb7 {[%emt 0:00:08]} Qe8 {[%emt 0:00:13]} 37. d4 {[%emt 0:00:25]} Ra8 {[%emt 0:00:03]} 38. Qb6 {[%emt 0:00:18]} Rc8 {[%emt 0:00:10]} 39. Rxc8 {[%emt 0:00:38]} Bxc8 {[%emt 0:00:01]} 40. Rxf7 {[%emt 0:00:04]} Qxf7 {[%emt 0:00:03]} 41. Qd6 {[%emt 0:00:12]} Qd7 {[%emt 0:00:04]} 42. Qxd7 {[%emt 0:00:05]} Bxd7 {[%emt 0:00:01]} 43. f4 {[%emt 0:00:01]} Kf7 {[%emt 0:00:02]} 44. g4 {[%emt 0:00:09]} g5 {[%emt 0:00:09]} 45. Kf2 {[%emt 0:00:06]} gxf4 {[%emt 0:00:03]} 46. Kf3 {[%emt 0:00:01]} Kg6 {[%emt 0:00:03]} 47. Kxf4 {[%emt 0:00:01]} Kxh6 {[%emt 0:00:02]} 48. g5+ {[%emt 0:00:03]} Kg7 {[%emt 0:00:05]} 49. Bf1 {[%emt 0:00:04]} h6 {[%emt 0:00:02]} 50. Bd3 {[%emt 0:00:05]} hxg5+ {[%emt 0:00:03]} 51. Kxg5 {[%emt 0:00:00]} Be8 {[%emt 0:00:04]} 52. Bc2 {[%emt 0:00:03]} Bd7 {[%emt 0:00:10]} 53. Bd1 {[%emt 0:00:02]} Kf7 {[%emt 0:00:05]} 54. Bc2 {[%emt 0:00:05]} Ke7 {[%emt 0:00:02]} 55. Bd1 {[%emt 0:00:03]} Kd6 {[%emt 0:00:01]} 56. Kf6 {[%emt 0:00:04]} Bc6 {[%emt 0:00:06]} 57. Bg4 {[%emt 0:00:05]} Bd7 {[%emt 0:00:02]} 58. Kf7 {[%emt 0:00:11]} Bc8 {[%emt 0:00:06]} 59. Kf6 {[%emt 0:00:14]} Bd7 {[%emt 0:00:02]} 60. Bd1 {[%emt 0:00:06]} Bb5 {[%emt 0:00:05]} 61. Bg4 {[%emt 0:00:06]} Bd7 {[%emt 0:00:01]} 1/2-1/2